000 00509cam a2200181u 4500
001 sd 40000024
003 DLC
005 20260227112733.0
008 840808s1938 gw 000 0 ger
010 _asd 40000024
040 _aDLC
_cCarP
_dDLC
050 0 0 _aJX1952
_b.S358
100 1 _aSchindler, Dietrich,
_d1890-1948.
245 1 4 _aDie schiedsgerichtsbarket seit 1914;
260 _aStuttgart,
_bW. Kohlhammer,
_c1938.
300 _axiv, [2], 212 p.
_c25 cm.
650 0 _aArbitration (International law)
999 _c89833
_d89833